[Event "27th CRO-chT 1B-Men 2018"]
[Site "Biograd"]
[Date "2018.09.20"]
[Round "4.21"]
[White "Zilka, Stepan"]
[Black "Maier, Christian"]
[Result "1-0"]
[WhiteElo "2521"]
[BlackElo "2357"]
[Annotator "TA"]
[PlyCount "117"]
[EventDate "2018.09.15"]
[EventType "team-tourn"]
[EventCountry "CRO"]
[SourceTitle "playchess.com"]
[Source "ChessBase"]
[SourceQuality "1"]

{[%evp 29,117,78,84,68,93,91,90,93,147,136,145,114,142,131,162,154,187,74,191,148,163,144,239,218,240,210,222,208,296,277,274,270,295,275,283,291,302,289,314,233,343,337,518,550,554,549,473,176,275,58,45,38,49,29,37,0,0,0,0,0,292,312,312,285,649,645,2119,2012,1969,345,1927,1930,1798,1597,1754,1625,1296,1210,29980,29981,29986,29982,29982,29983,29983,29984,29984,29985,29985,29986]} 1. e4 e5 2. Nf3 Nc6 3. Bb5 a6 4. Ba4 Nf6 5. O-O d6 6. Re1 Be7 7. c3 O-O 8. h3 Re8 9. d4 Bd7 10. Nbd2 Bf8 11. Bc2 g6 {C87: Closed Ruy Lopez: Steinitz-type lines after 6 Re1 d6} 12. Nf1 Bg7 13. Ng3 Qe7 (13... a5 14. Bg5 a4 15. Bxa4 exd4 16. Bxc6 bxc6 17. cxd4 Qb8 18. Qd2 Be6 19. b3 {1-0 (38) Hou,Y (2670)-Panchanathan,M (2481) Douglas 2017}) 14. Be3 Rad8 15. Qd2 Qf8 {LiveBook: 3 Games} 16. Rad1 Bc8 {[#]} 17. d5 $146 ({Predecessor:} 17. Qc1 Kh8 18. dxe5 {½-½ (19) Gavrikov,V (2550)-Petrosian,A (2510) Riga (Latvia) 1985}) 17... Nb8 18. c4 h6 ({Better is} 18... b6) 19. b4 $16 Kh7 20. Rf1 Qe7 21. c5 Nbd7 {[%cal Rd6c5]} 22. Qc3 Rg8 23. c6 (23. Rfe1 $18) 23... Nf8 (23... bxc6 $16 {keeps fighting.} 24. Qxc6 (24. dxc6 Nf8 $16) 24... Nb8) 24. cxb7 Bxb7 25. Ba4 Nh5 (25... Nxe4 $16 26. Nxe4 f5) 26. Rc1 Rc8 27. Bc6 Bxc6 28. Qxc6 Nf4 (28... Nxg3 $142 29. fxg3 Nd7 30. Qxa6 Ra8) 29. Qxa6 $18 Nd7 30. a4 {[%cal Ba2a4,Ba4a5][%mdl 32]} h5 31. h4 Bf6 32. Qb7 Rb8 33. Qxc7 Rxb4 34. a5 Rd8 (34... Kg7 $142 35. a6 Nd3) 35. Rc6 Bxh4 (35... Nd3 {was called for.} 36. Qxd6 Qxd6 37. Rxd6 Ra4) 36. Nxh4 Qxh4 37. Rxd6 Qe7 {Now ...h4 and Black clings on.} 38. Rb6 $2 (38. Bb6 h4 39. Qxd8 Qxd6 40. Qxh4+ Kg7 41. Qd8) 38... Rxe4 (38... Ra4 $142) 39. Qd6 $2 (39. Nxe4 $2 Ne2+ 40. Kh2 Qh4#) (39. Rb7 $18) 39... Qg5 $1 $14 40. Rb7 h4 41. Bxf4 (41. Rxd7 hxg3 42. Bxf4 (42. Rxf7+ $2 Kg8 $19) 42... gxf2+ 43. Rxf2 Re1+ 44. Rf1 Rxf1+ 45. Kxf1 Qxf4+ 46. Kg1 Rc8 $11) 41... Rxf4 42. Ne4 Rxe4 43. Rxd7 $40 {[%mdl 128] Black needs to defend precisely.} h3 {[%csl Gh3][%cal Rg5g2]} 44. g3 Qf5 $2 {[%mdl 8192] [#]} (44... Rxd7 $11 {and Black stays safe.} 45. Qxd7 Kg7) 45. Rxf7+ $1 $18 {[%mdl 512]} Qxf7 46. Qxd8 {[%mdl 4096] Endgame aiming for Rc1. KQR-KQR} Rg4 $2 (46... Re2 47. d6 h2+ 48. Kg2 (48. Kxh2 Rxf2+ 49. Rxf2 Qxf2+ 50. Kh1 Qf1+ 51. Kh2 Qf2+ 52. Kh3 Qf5+ 53. Kg2 Qe4+ 54. Kf2 Qc2+ 55. Ke3 Qc3+ 56. Kf2 Qc2+ 57. Kf1 Qd3+ 58. Kf2 Qd2+ 59. Kg1 Qd4+ 60. Kg2 Qe4+ 61. Kh2 Qc2+ 62. Kh3 Qf5+ 63. g4 Qf3+ 64. Kh4 Qf2+ 65. Kh3 Qf3+ 66. Kh2 Qf2+ 67. Kh3 Qf3+ $11) 48... e4 49. Qh4+ (49. Kxh2 Rxf2+ 50. Rxf2 Qxf2+ 51. Kh3 Qf5+ 52. g4 Qf3+ 53. Kh4 Qf4 $11) 49... Kg7) 47. Rc1 {Threatens to win with Rc7.} Qf3 {[%csl Gh3][%cal Rf3g2]} 48. Rc7+ Kh6 49. Qh8+ Kg5 {[%csl Gh3][%cal Rf3g2]} 50. Qxe5+ Kh6 51. Qh8+ Kg5 52. Qxh3 Rd4 {[#]} 53. Rc1 $1 Qxd5 54. a6 {White mates.} Ra4 55. Re1 Qd4 {[#]} 56. Re5+ $3 {[%mdl 512]} Qxe5 57. f4+ Rxf4 58. gxf4+ Qxf4 59. Qg2+ {Precision: White = 64%, Black = 33%.} 1-0

[Event "27th CRO-chT 1B-Men 2018"]
[Site "Biograd"]
[Date "2018.09.18"]
[Round "4.22"]
[White "Stocko, Josip"]
[Black "Rogulj, Branko"]
[Result "1/2-1/2"]
[WhiteElo "2322"]
[BlackElo "2404"]
[Annotator "TA"]
[PlyCount "139"]
[EventDate "2018.09.15"]
[EventType "team-tourn"]
[EventCountry "CRO"]
[SourceTitle "playchess.com"]
[Source "ChessBase"]
[SourceQuality "1"]

{[%evp 16,139,8,8,8,8,14,4,18,8,30,29,20,35,46,48,50,46,144,27,48,37,86,46,40,37,54,52,68,67,45,63,51,43,50,62,176,171,150,160,187,185,202,161,201,186,229,164,189,183,251,124,130,126,138,114,150,93,125,101,494,483,437,200,358,301,360,354,290,208,207,207,198,199,194,175,170,130,146,84,286,287,279,279,397,397,454,407,454,454,498,497,471,420,960,957,914,845,1362,1601,1150,1010,1439,1150,1070,487,489,467,442,442,442,442,442,436,420,219,219,219,216,209,221,0,213,213,196,0]} 1. e4 e5 2. Nf3 Nc6 3. Bc4 Bc5 4. c3 Nf6 5. d3 d6 6. Bb3 O-O 7. O-O Bb6 8. h3 {C54: Italienische Partie (Hauptvariante)} h6 (8... Ne7 9. Nbd2 c6 10. Re1 Ng6 11. d4 Re8 12. Bc2 h6 13. Nf1 d5 14. exd5 e4 15. Ne5 cxd5 16. Nxg6 fxg6 {0-1 (41) Volokitin,A (2628)-Aronian,L (2805) Riadh 2017}) 9. Nbd2 {[%cal Bb1d2,Bd2f1,Bf1g3][%mdl 32] LiveBook: 24 Partien} a5 10. Re1 {Die Stellung ist ausgeglichen.} Be6 11. Ba4 Nd7 12. Nf1 Ne7 $146 ({Vorgänger:} 12... f5 13. exf5 Bxf5 {½-½ (56) Matlakov,M (2401)-Ponkratov,P (2378) Satka 2005}) 13. d4 c6 14. Ng3 Bc7 15. Bc2 b5 16. a4 Nb6 (16... b4 $14) 17. b3 ({Günstiger ist} 17. axb5 $16 cxb5 18. Bd3) 17... bxa4 $11 18. bxa4 Nc4 19. Bd3 Rb8 20. Qe2 Nb6 21. Be3 f6 22. c4 Nd7 23. d5 Bf7 24. Nh4 Bb6 25. Bd2 Bc5 (25... Kh8 $14) 26. Ngf5 $18 Nxf5 27. Nxf5 Bg6 28. dxc6 Nb6 29. Qg4 Kh7 30. Bxa5 Rc8 31. Bd2 {[#] zielt auf Teb1 ab.} Rxc6 32. a5 Na8 (32... Nd7 $142 33. a6 Ba7) 33. h4 (33. Reb1 $18) 33... h5 $16 34. Qf3 $36 {[%mdl 2048] Schwarz steht unter starkem Druck.} Nc7 35. Reb1 Ne6 36. Rb7 ({Besser ist} 36. g4) 36... Rf7 37. Rab1 Ra6 $2 {[%mdl 8192]} (37... Rxb7 $16 38. Rxb7 Rc7) 38. Rb8 $18 Qd7 39. Qd1 (39. g4 $142 hxg4 40. Qxg4) 39... Nd4 $2 (39... Qc6 40. Qf3 Ra8) 40. Nxd4 Bxd4 41. c5 Ra7 42. cxd6 Qxd6 {Droht ...Lxf2+.} 43. Rc8 {Und weiter mit Tbb8 wäre nett.} Rfc7 ({Nicht} 43... Bxf2+ $2 44. Kxf2 Rac7 45. Rxc7 $18) 44. Rxc7 Rxc7 45. Bb4 Qe6 46. Qe2 Bf7 47. a6 (47. Bd2 $142) 47... Qc8 $2 (47... Qg4 $16) 48. Bd2 Rd7 49. Be3 Bxe3 (49... Ba7 {war einen Versuch wert.} 50. Bxa7 Rxa7) 50. Qxe3 ({Schwächer ist} 50. fxe3 Qc3 $16) 50... Qa8 51. Bf1 Bg6 52. f3 {[%cal Bf2f3,Bf3e4,Be4e5][%mdl 32]} f5 53. exf5 Bxf5 54. Ra1 e4 (54... Qa7 $142 55. Qxa7 Rxa7) 55. a7 Bg6 56. Ra4 Rf7 57. fxe4 Rf8 58. Qc5 Re8 59. e5 Qb7 60. Bb5 (60. Be2 $142 Be4 61. Qb5) 60... Rc8 61. Qxc8 Qxc8 62. a8=Q Qc5+ 63. Kh1 {Lc4 ist eine echte Drohung.} Qxb5 {[%mdl 4096] Endspiel KDT-KDL} 64. Qa5 Qe2 {beabsichtigt ...Le4.} 65. Ra3 (65. Qd5 $142) 65... Qf1+ 66. Kh2 {Droht stark Dc3.} Qf4+ 67. Kg1 {Schwarz muss nun De1 beachten.} Qd4+ 68. Kh2 $2 (68. Kh1 $18) 68... Qxh4+ $2 {[#]} (68... Qf4+ $1 $11 {und Schwarz ist OK.} 69. Kg1 Qc1+ 70. Kf2 Qf4+ 71. Kg1) 69. Kg1 $1 Qd4+ 70. Kh2 $2 {Precision: Weiß = 52%, Schwarz = 38%.} (70. Kh1 $18) 1/2-1/2

[Event "27th CRO-chT 1B-Men 2018"]
[Site "Biograd"]
[Date "2018.09.20"]
[Round "4.23"]
[White "Vujakovic, Branko"]
[Black "Pucovski, Miroslav"]
[Result "1-0"]
[WhiteElo "2340"]
[BlackElo "2241"]
[Annotator "TA"]
[PlyCount "77"]
[EventDate "2018.09.15"]
[EventType "team-tourn"]
[EventCountry "CRO"]
[SourceTitle "playchess.com"]
[Source "ChessBase"]
[SourceQuality "1"]

{[%evp 26,77,43,25,22,18,58,38,78,77,72,71,110,98,131,121,164,104,111,109,108,106,117,115,108,84,87,82,87,63,89,62,202,91,84,73,205,165,179,16,18,14,241,231,425,411,406,410,437,431,391,463,462,456]} 1. e4 c5 2. Nf3 Nc6 3. d4 cxd4 4. Nxd4 e5 5. Nb5 d6 6. c4 Be7 7. N1c3 a6 8. Na3 f5 9. exf5 Bxf5 10. Bd3 Be6 11. Nc2 Nf6 {B32: Sizilianisch (Löwenthal-Variante)} 12. O-O O-O (12... Qd7 13. Bg5 O-O 14. b3 Bd8 15. Rb1 Bb6 16. Be3 Bc7 17. Qd2 h6 18. f3 Rad8 19. Be4 Ba5 {½-½ (52) Andreikin,D (2736)-Roganovic,M (2478) Novi Sad 2016}) 13. Ne3 Nd4 14. Ned5 {LiveBook: 4 Partien} Nxd5 15. Nxd5 g6 16. Be4 Bf5 $146 ({Vorgänger:} 16... Bg5 17. f4 Bf6 {½-½ (36) Zboril,R (2319)-Loeffler,W (2294) ICCF email 2014}) 17. Qd3 Rf7 18. Be3 Nc6 19. Rad1 Bxe4 20. Qxe4 Bg5 21. f4 (21. b4 $18) 21... exf4 $16 22. Bxf4 Bxf4 23. Rxf4 ({Nicht} 23. Nxf4 Qb6+ 24. Kh1 Qxb2 $17) 23... Rxf4 24. Qxf4 ({Natürlich nicht} 24. Nxf4 $6 Qb6+ 25. Kh1 Qxb2 $11) 24... Qf8 25. Qh4 {Sf6+ ist eine echte Drohung.} Kh8 26. h3 Qg7 27. Nc3 Qe5 28. Ne4 Qxb2 (28... Rf8 $1 $14 29. Nxd6 Qe2) 29. c5 (29. Nf6 $1 $18 {[%csl Gf6][%cal Rh4h7]} Qb6+ 30. Kh1) 29... Qe5 30. cxd6 {zielt auf Sg5 ab.} Rf8 (30... Kg7 $16) 31. d7 $40 {[%mdl 128] Weiss will per K.O. gewinnen.} Kg7 {[#] Mit der Idee ...Tf4.} 32. Ng5 $2 (32. Nd6 $1 $18) 32... h6 $11 33. Nf3 Qf6 $2 (33... Qe3+ $1 $11 34. Qf2 Qxf2+ 35. Kxf2 Kf7) 34. Qg3 $18 Qe7 $2 {[#]} (34... Rd8 35. Qc7 Qf5) 35. Qc7 $1 Nd8 36. Re1 Qf7 37. Re8 Rxe8 38. dxe8=N+ Kf8 39. Qxd8 {Precision: Weiß = 68%, Schwarz = 44%.} 1-0

[Event "27th CRO-chT 1B-Men 2018"]
[Site "Biograd"]
[Date "2018.09.18"]
[Round "4.24"]
[White "Bubalovic, Davorin"]
[Black "Brumen, Dinko"]
[Result "0-1"]
[WhiteElo "2206"]
[BlackElo "2315"]
[Annotator "TA"]
[PlyCount "84"]
[EventDate "2018.09.15"]
[EventType "team-tourn"]
[EventCountry "CRO"]
[SourceTitle "playchess.com"]
[Source "ChessBase"]
[SourceQuality "1"]

{[%evp 24,83,44,7,19,0,48,10,56,0,0,0,0,-76,-7,-158,-118,-130,0,0,0,0,-5,2,0,-41,-59,-47,0,0,0,0,0,0,0,-38,-29,-42,29,0,13,0,10,-32,-33,-32,-38,-59,0,0,0,-56,104,-323,-321,-348,-337,-380,-344,-523,-494,-29999]} 1. e4 e6 2. d4 d5 3. Nc3 Bb4 4. e5 c5 5. a3 Bxc3+ 6. bxc3 Qc7 7. Qg4 Ne7 8. Qxg7 Rg8 9. Qxh7 cxd4 10. Ne2 Nbc6 11. f4 Bd7 12. Qd3 dxc3 13. g3 {LiveBook: 3 Games. C18: French: 3 Nc3 Bb4: Main line: 7 h4 and 7 Qg4} (13. Qxc3 O-O-O 14. Rb1 d4 15. Qc4 Nf5 16. g3 Na5 17. Qxc7+ Kxc7 18. Bg2 Bc6 19. Kf2 Nc4 20. Rb4 b5 21. Bxc6 Kxc6 22. a4 a6 23. axb5+ axb5 {1-0 (51) Leko,P (2679)-Pichot,A (2565) Douglas 2017}) 13... Nf5 {[%cal Be7f5,Bf5h4,Bh4g6][%mdl 32]} 14. Bh3 Nce7 15. a4 $146 {White is slightly better.} ({Predecessor:} 15. g4 Nh4 16. Nd4 a6 17. Rf1 Rh8 18. Rf2 Qc4 19. Bf1 Qxd3 20. Bxd3 Nc6 {½-½ (60) Garmendez Gonzalez,F (2325)-Bradford,J (2425) Linares 1992}) 15... a6 (15... d4 $5) 16. Ba3 (16. Qxc3 Qxc3+ 17. Nxc3 Rc8 $11) ({White should play} 16. Ra3 $14) 16... Rc8 $11 17. g4 Nh4 18. Nd4 (18. Rb1 $11 {remains equal.}) 18... Qc4 ({Black should try} 18... Qb6 $1 $17 {[%cal Rb6d4]} 19. Kf2 Nc6) 19. Ke2 $2 ({Better is} 19. Kf2 $11) 19... Nhg6 $17 (19... Bxa4 20. Bxe7 Kxe7 21. Rhb1 $15) 20. Ke3 Bxa4 (20... Qc7 $17 21. Bxe7 Kxe7) 21. Qxc4 $11 Rxc4 22. Bf1 $36 {[%mdl 2048] [#] White fights for an advantage.} Rxd4 $1 {[%mdl 512]} 23. Kxd4 Bxc2 24. Bc1 Be4 25. Rg1 c2 26. Bd3 Nc6+ 27. Ke3 Bxd3 28. Kxd3 Rh8 29. Rg2 Rh3+ 30. Kxc2 Nb4+ (30... Rf3 $15) 31. Kd1 {And now Rb2 would win.} Nd3 32. Ra4 Kd7 33. Rg3 Nf2+ $1 34. Ke1 $1 {[%cal Re1f2]} Rxh2 {...Ne4 is the strong threat.} 35. Rb3 Kc6 36. Rc3+ Kd7 {Threatens to win with ...Ne4.} 37. Rb3 Kc7 $2 {[#]} (37... Kc8 $15 {stays ahead.} 38. Rc3+ Kb8) 38. Ba3 $2 {[%mdl 8192]} (38. f5 $1 $16 {[%cal Rf5g6] is necessary to keep the advantage.} Nh4 39. Rab4) 38... Ne4 $19 ({Worse is} 38... Nxg4 39. Bd6+ Kc8 40. Rc3+ Kd8 41. Rb3 $11) 39. Bd6+ Kc6 ({Stronger than} 39... Nxd6 40. exd6+ Kc6 {[#]} 41. d7 $1 $15 {[%mdl 512]}) 40. Rab4 {White threatens Rb6+ and mate.} b5 (40... Nxd6 41. Rb6+ Kd7 42. Rxd6+ Kc8 43. Rc3+ Kb8 44. Rd8+ Ka7 45. Rd7 $16) 41. f5 (41. Rf3 $142) 41... Nf4 {[%cal Rh2h1]} 42. fxe6 (42. Kd1 $19 Rd2+ 43. Kc1 Ne2+ 44. Kb1) 42... Rh1# {Precision: White = 27%, Black = 38%.} 0-1

[Event "27th CRO-chT 1B-Men 2018"]
[Site "Biograd"]
[Date "2018.09.18"]
[Round "4.25"]
[White "Sprenger, Jan Michael"]
[Black "Pap, Misa"]
[Result "1-0"]
[WhiteElo "2490"]
[BlackElo "2482"]
[Annotator "TA"]
[PlyCount "83"]
[EventDate "2018.09.15"]
[EventType "team-tourn"]
[EventCountry "CRO"]
[SourceTitle "playchess.com"]
[Source "ChessBase"]
[SourceQuality "1"]

{[%evp 10,83,32,29,60,60,60,69,60,52,60,55,39,29,28,25,22,21,34,31,31,31,31,31,43,35,59,59,61,58,91,40,68,59,70,63,82,84,177,140,193,175,267,218,262,237,231,197,423,412,394,409,530,533,532,512,527,519,905,905,886,875,845,811,944,926,1078,1050,29974,29975,29970,29975,29975,29969,29962,29965]} 1. e4 e5 2. Nf3 Nc6 3. Bb5 a6 4. Ba4 g6 5. c3 Bg7 6. d4 {LiveBook: 65 Partien. C70: Spanische Partie (Abweichung im 4. Zug)} d6 (6... exd4 7. cxd4 b5 8. Bc2 d6 9. d5 Na5 10. O-O Nc4 11. Nc3 Ne7 12. Bd3 Nb6 13. a4 {0-1 (48) Caruana,F (2816)-Mamedyarov,S (2808) Leuven 2018}) 7. Bxc6+ bxc6 8. dxe5 {Weiß steht etwas besser.} dxe5 9. Qxd8+ Kxd8 10. Nbd2 {[%cal Bb1d2,Bd2b3,Bb3c5][%mdl 32]} a5 $146 ({Vorgänger:} 10... f6 11. Nb3 a5 12. a4 Nh6 13. Nfd2 {½-½ (42) Georgiadis,N (2468)-L'Ami,E (2605) Reykjavik 2015}) 11. Nb3 a4 12. Nc5 f6 13. Be3 Bf8 14. O-O-O+ Ke8 15. Ne1 Nh6 16. h3 Nf7 17. Ned3 $36 {[%mdl 2048] Weiss kämpft um Vorteil.} Ra5 18. b4 axb3 19. axb3 f5 20. b4 (20. f3 $16) 20... Ra1+ 21. Kc2 Rxd1 22. Rxd1 f4 23. Bd2 Bg7 (23... Bxc5 $16 24. Nxc5 Ke7) 24. f3 g5 (24... Bf8 $16 {war angesagt.} 25. Ra1 Bxc5) 25. c4 $18 Nd6 {[#]} (25... h5 $142 26. Ra1 Kd8) 26. Kb3 $1 Kf7 27. Ra1 Re8 28. Bc3 h5 $2 (28... Re7 29. Ra7 Kf8 30. Nxe5 Bxe5) 29. Ra7 Re7 {[#]} 30. Bxe5 $1 {[%mdl 512]} Bxe5 (30... Rxe5 31. Rxc7+) 31. Nxe5+ Rxe5 32. Rxc7+ Re7 33. Rxc6 Nf5 (33... Bxh3 $142 34. gxh3 Ne8) 34. exf5 {[%mdl 4096] Endspiel KTL-KTS} Re3+ 35. Ka4 Bxf5 36. b5 {[%cal Bb4b5,Bb5b6,Bb6b7][%mdl 32]} Rc3 37. Kb4 Rc2 38. b6 Rxg2 39. b7 {Weiß setzt Matt.} Rb2+ 40. Nb3 Bc2 41. Rb6 Rxb3+ 42. Kc5 {Precision: Weiß = 91%, Schwarz = 41%.} 1-0

[Event "27th CRO-chT 1B-Men 2018"]
[Site "Biograd"]
[Date "2018.09.20"]
[Round "4.26"]
[White "Nikcevic, Nebojsa"]
[Black "Seyb, Alexander"]
[Result "0-1"]
[WhiteElo "2428"]
[BlackElo "2388"]
[Annotator "TA"]
[PlyCount "118"]
[EventDate "2018.09.15"]
[EventType "team-tourn"]
[EventCountry "CRO"]
[SourceTitle "playchess.com"]
[Source "ChessBase"]
[SourceQuality "1"]

{[%evp 11,118,6,13,0,13,-10,15,-43,-56,-61,-15,-62,-41,-39,-22,-31,-39,-40,-20,-21,-14,-63,-68,-65,-45,-39,-32,-38,-36,-45,-36,-46,-42,-55,-32,-36,-25,-68,-68,-76,-69,-74,-68,-68,-69,-70,-72,-72,-62,-82,-45,-54,-41,-46,-32,-108,-62,-152,-142,-183,-177,-177,-158,-162,-125,-126,-141,-133,-116,-123,-25,-25,-31,-37,0,0,0,0,0,-45,-23,-441,-438,-426,-413,-972,-937,-854,-785,-1290,-1237,-937,-808,-1797,-1667,-2871,-2822,-2375,-1865,-2208,-2029,-12835,-12835,-12836,-12836,-12839,-12839,-29978,-29978]} 1. c4 g6 2. Nf3 Bg7 3. e4 e5 4. d4 exd4 5. Nxd4 Nf6 6. Nc3 O-O {LiveBook: 104 Games. A10: English Opening: Unusual Replies for Black} 7. Bg5 (7. Be2 Re8 8. f3 c6 9. Bg5 Qb6 10. Qd2 d5 11. cxd5 Nxe4 12. Nxe4 cxd5 13. Be3 dxe4 14. Nb5 Qf6 15. Nc7 Rd8 16. Bg5 Rxd2 17. Bxf6 {½-½ (72) Lenderman,A (2618)-So,W (2773) Saint Louis 2016}) 7... Re8 8. Be2 h6 {The position is equal.} 9. Bxf6 $146 (9. Bh4 $11) ({Predecessor:} 9. Be3 Nxe4 10. Nxe4 Rxe4 11. Bf3 Bxd4 12. Bxe4 Bxe3 13. Qf3 Bd4 14. O-O-O {0-1 (35) Polatel,A (2177)-Kanmazalp,O (2441) Konya 2014}) 9... Qxf6 $15 10. Nc2 Qg5 11. Bf3 Bxc3+ 12. bxc3 d6 13. O-O Na6 14. Nb4 Nxb4 15. cxb4 a5 16. a3 Be6 17. Qc2 Qe5 {And now ...axb4 would win.} 18. b5 Rad8 19. Rac1 b6 20. Qd2 Kg7 21. Rfe1 f6 22. Re3 Bf7 23. g3 h5 24. Rcc3 {[#]} h4 $1 {[%mdl 512]} 25. Bg2 (25. gxh4 Rh8) 25... hxg3 26. Rxg3 Rh8 27. f4 Qc5+ 28. Kh1 $1 Rh4 ({Don't go for} 28... Bxc4 $2 29. Qc1 $18) 29. h3 Rdh8 30. Kh2 Kf8 ({Don't blunder} 30... Bxc4 $2 31. Qc2 $18) 31. Bf1 R8h6 32. Rcf3 R4h5 33. Qc3 (33. Be2 $15) 33... Ke7 34. Re3 (34. Qd3 $15) 34... g5 $36 {[%mdl 2048] Black is really pushing.} 35. f5 Rh4 36. Kg2 Rf4 37. Rg4 Rh4 38. Rxh4 Rxh4 39. Be2 Rh8 40. Rg3 Qe5 (40... Rc8 $17 41. Qe3 Qe5) 41. Qxe5+ $11 dxe5 {[%mdl 4096] Endgame KRB-KRB} 42. c5 Rd8 43. cxb6 cxb6 44. Rc3 $1 Be8 45. Rc7+ Rd7 46. Rc6 $2 {[%mdl 8192] [#]} (46. Rc8 $1 $11 {and White stays safe.}) 46... Rd2 $1 $19 {[%csl LRc6,LRe2]} 47. Re6+ Kd7 48. Kf1 (48. Rxf6 $142 Rxe2+ 49. Kg3) 48... Rd6 49. Bc4 Rxe6 50. fxe6+ {KB-KB} Ke7 51. Kf2 Bg6 52. Kf3 f5 {[%cal Bf6f5,Bf5e4][%mdl 32]} 53. Kg3 fxe4 54. Kg4 Kf6 55. e7 Bf5+ 56. Kh5 Kxe7 57. Kxg5 Bxh3 58. Be2 Kd6 59. Kf6 Bg2 {Precision: White = 38%, Black = 51%.} 0-1

[Event "27th CRO-chT 1B-Men 2018"]
[Site "Biograd"]
[Date "2018.09.18"]
[Round "4.27"]
[White "Rade, Miroslav"]
[Black "Matkovic, Tonci"]
[Result "1/2-1/2"]
[WhiteElo "2395"]
[BlackElo "2274"]
[Annotator "TA"]
[PlyCount "125"]
[EventDate "2018.09.15"]
[EventType "team-tourn"]
[EventCountry "CRO"]
[SourceTitle "playchess.com"]
[Source "ChessBase"]
[SourceQuality "1"]

{[%evp 41,125,59,62,24,39,32,41,32,30,15,37,23,41,39,29,31,30,27,31,22,63,19,24,25,80,0,18,17,18,4,2,0,0,0,14,13,59,22,193,193,179,166,175,193,197,192,283,283,283,283,283,282,282,282,281,266,279,269,291,290,391,390,378,383,362,359,362,301,266,64,73,69,74,0,0,0,0,0,0,0,0,0,0,0,0,0]} 1. e4 e5 2. Nf3 Nc6 3. Bb5 a6 4. Ba4 Nf6 5. O-O Be7 6. Re1 b5 7. Bb3 d6 8. c3 O-O 9. h3 Na5 10. Bc2 c5 11. d4 Qc7 12. Nbd2 cxd4 13. cxd4 Nc6 14. Nb3 a5 15. Be3 Nb4 16. Bb1 a4 17. Nbd2 Bd7 18. a3 Nc6 19. Bd3 Na5 20. Qe2 Qb8 21. Rec1 {C99: Spanische Partie (Tschigorin-System)} Re8 {LiveBook: 24 Partien} 22. Rc2 (22. Rab1 exd4 23. Nxd4 b4 24. Bb5 b3 25. Bxd7 Nxd7 26. Nb5 Nc5 27. Nxd6 Bxd6 28. Bxc5 Bf4 {1-0 (40) Leko,P (2665)-Adams,M (2715) Tilburg 1998 EXT 1999 [Wedberg,T]}) 22... Bd8 23. dxe5 {Weiß steht etwas besser.} dxe5 24. Bc5 h6 $146 ({Vorgänger:} 24... Nh5 25. g3 Ra6 26. Nh2 Nf6 27. Nhf1 Qb7 28. Kh2 Ra8 {1-0 (60) Zecevic,D (2442)-Stefan,K (2224) Velika Gorica 2005}) 25. Kh2 Ra6 26. Rb1 Be7 27. Bxe7 Rxe7 28. b4 axb3 29. Nxb3 Nxb3 30. Rxb3 {[%cal Rd3b5]} Qa8 31. Rcc3 Ra5 32. Qe3 Re8 {[#]} (32... Re6 $11 {bleibt in der Remisbreite.}) 33. Nd2 (33. Rc5 $1 $16) 33... Rb8 34. Be2 Qa6 35. Rb4 Qd6 36. Qd3 Qf8 37. Qb1 Rba8 38. Qb2 {[%cal Re2b5]} Qd6 39. Rd3 Qc5 $2 {[#]} (39... Qa6 $11 {und Schwarz steht sicher.}) 40. Nb3 $1 $18 {[%csl LRa5,LRc5][%cal Rb3c5]} Qxf2 41. Rf3 $36 {[%mdl 2048] Weiss ist am Drücker.} Qh4 42. Nxa5 Rxa5 43. Kg1 (43. Bxb5 $6 Ng4+ 44. Kg1 Rxb5 $16) 43... Ra4 (43... Qe1+ {war angesagt.} 44. Kh2 Qh4) 44. Rxa4 ({Schwächer ist} 44. Bxb5 Rxb4 45. Qxb4 Bxb5 $16) (44. Qxe5 Rxb4 45. axb4 Qe1+ 46. Bf1 Qxb4 $16) 44... bxa4 45. Qb8+ ({Auf keinen Fall} 45. Qxe5 $6 Qe1+ 46. Bf1 Bc6 $18) 45... Kh7 46. Qxe5 Qe1+ 47. Bf1 Be6 48. Kh2 Nd7 49. Qc3 Qd1 50. Rg3 {[%csl Gg3][%cal Rc3g7]} f6 51. Bc4 Qd6 52. Bxe6 Qxe6 {[%mdl 4096] Endspiel KDT-KDS} 53. Qd4 h5 54. Rc3 ({Nicht} 54. Qxa4 h4 $18) 54... Ne5 55. Qxa4 $2 (55. Rc7 $18) 55... Ng4+ $1 $14 56. hxg4 Qe5+ 57. g3 (57. Rg3 $16 h4 58. Qb3) 57... Qxc3 $11 {Die Stellung ist ausgeglichen.} 58. gxh5 {KD-KD} Qd2+ 59. Kh3 {Schwarz muss nun Db5 beachten.} Qe2 60. Qe8 Qf1+ 61. Kh4 {Droht Dg6+ und aus.} Qh1+ 62. Kg4 {zielt auf Dg6+ ab.} Qd1+ 63. Kf4 {Precision: Weiß = 59%, Schwarz = 46%.} 1/2-1/2